Rocket League Ranks - Updated - Statistics

General Stats
  • This quiz has been taken 48 times
  • The average score is 7 of 8
Answer Stats
Rank % Correct
Bronze
100%
Silver
98%
Gold
95%
Champion
93%
Diamond
90%
Grand Champion
88%
Platinum
88%
Supersonic Legend
83%
No matching quizzes found
Score Distribution
Percent of People with Each Score
Percentile by Number Answered
Your Score History
You have not taken this quiz